00458nam a22001697a 45000050016000000100013000160200022000290350013000510370010000640820011000741000019000852450043001042500018001472600046001652700050002113000027002612011092604584.0 aG-001524 c250.00a0706977511daG-001524 bGift  a658.15 aPandey, I. M.  aFinancial management /cby I.M. Pandey a7th rev. ed.  aNew Delhi bVikas Publishing House c1995 a576 Masjid Road, JangpurabNew Delhi e110014 axx, 1084p. c25cm(Hb)